Salta al contenuto

Вестник РГГУ. Серия «Евразийские исследования. История. Политология. Международные отношения», 2023, № 1 научный журнал

Salvato in:
Dettagli Bibliografici
Natura: Журнал
Accesso online:https://znanium.com/catalog/document?id=436077
https://znanium.com/cover/2113/2113802.jpg
Tags: Aggiungi Tag
Nessun Tag, puoi essere il primo ad aggiungerne! !
LEADER 01571nam0a2200277 i 4500
001 RU\infra-m\znanium\bibl\2113802
003 https://znanium.com/catalog/document?id=436077
005 20250130000000.0
100 |a 20250130d2023 m y0rusy0150 ca 
101 0 |a rus 
102 |a RU 
200 1 |a Вестник РГГУ. Серия «Евразийские исследования. История. Политология. Международные отношения», 2023, № 1  |e научный журнал  |e Журнал 
210 1 |a Москва  |c Федеральное государственное бюджетное образовательное учреждение высшего профессионального образования "Российский государственный гуманитарный университет"  |d 2023 
215 |a 149 с. 
333 |a ВО - Магистратура 
606 |a Политика. Социология  |x Международные отношения  |2 local 
608 |a Журнал  |2 local 
675 |a 32  |z rus 
675 |a 339  |z rus 
675 |a 94  |z rus 
686 |a 633  |2 rubbk 
686 |a 66  |2 rubbk 
686 |a 664  |2 rubbk 
801 0 |a RU  |b Общество с ограниченной ответственностью «ЗНАНИУМ»  |c 20230922  |2 rusmarc 
856 4 |a znanium.com  |m ebs_support@infra-m.ru  |n НИЦ ИНФРА-М  |u https://znanium.com/catalog/document?id=436077 
856 4 1 |a znanium.com  |d /cover/2113  |f 2113802.jpg  |q image/jpeg  |u https://znanium.com/cover/2113/2113802.jpg